00332nam a2200097Ia 4500008004100000020001800041100001900059245011100078260002800189300001700217180315s9999 xx 000 0 und d a9780071827126 aFerguson, Matt 4aThe talent equation :bBig data lessons for navigating the skills gap and building a competitive workforce aUSA :b2014cmcGrawHill av, 225 pages